Pokémon GO: Highest CP Flying-type Pokémon - Statistics

General Stats
  • This quiz has been taken 57 times
    44 since last reset
  • The average score is 18 of 20
Answer Stats
Max CP Answer % Correct
4059 Articuno (Galarian)
100%
4367 Ho-Oh
100%
4186 Lugia
100%
4160 Mega Pidgeot
100%
6458 Mega Rayquaza
100%
5688 Mega Salamence
100%
3917 Moltres
100%
4336 Rayquaza
100%
4239 Salamence
100%
3987 Zapdos
100%
4012 Zapdos (Galarian)
100%
4287 Dragonite
94%
4057 Landorus (Incarnate)
94%
4434 Landorus (Therian)
94%
4137 Thundurus (Therian)
94%
4275 Yveltal
94%
5037 Mega Charizard Y
72%
4655 Mega Aerodactyl
67%
4061 Shaymin (Sky)
67%
4728 Mega Pinsir
44%
No matching quizzes found
Score Distribution
Percent of People with Each Score
Percentile by Number Answered
Your Score History
You have not taken this quiz since the last reset